Self-Directed Learning for the 21st Century (Record no. 24590)
[ view plain ]
| 000 -LEADER | |
|---|---|
| fixed length control field | 00766nam a2200133Ia 4500 |
| 008 - FIXED-LENGTH DATA ELEMENTS--GENERAL INFORMATION | |
| fixed length control field | 220620s9999||||xx |||||||||||||| ||und|| |
| 100 ## - MAIN ENTRY--PERSONAL NAME | |
| Personal name | Bergamin, Per B.||Bosch, Chantelle||du Toit, Adri||Goede, Roelien||Golightly, Aubrey||Johnson, David W.||Johnson, Roger T.||Kruger, Corné||Laubscher, Dorothy||Lubbe, Anitia||Olivier, Jako||van der Westhuizen, Christo||van Zyl, Sukie |
| 245 #0 - TITLE STATEMENT | |
| Title | Self-Directed Learning for the 21st Century |
| Remainder of title | Implications for Higher Education |
| 546 ## - LANGUAGE NOTE | |
| Language note | English[eng] |
| 650 ## - SUBJECT ADDED ENTRY--TOPICAL TERM | |
| Topical term or geographic name entry element | Self-directed learning||learning||student||educator||cooperative learning||theory||context |
| 700 ## - ADDED ENTRY--PERSONAL NAME | |
| Personal name | Bailey, Roxanne||de Beer, Josef||Mentz, Elsa |
| 856 ## - ELECTRONIC LOCATION AND ACCESS | |
| Uniform Resource Identifier | <a href="https://library.oapen.org/bitstream/20.500.12657/37693/1/978-1-928396-88-8.pdf">https://library.oapen.org/bitstream/20.500.12657/37693/1/978-1-928396-88-8.pdf</a> |
| 942 ## - ADDED ENTRY ELEMENTS (KOHA) | |
| Koha item type | E-Books |
| Withdrawn status | Lost status | Damaged status | Not for loan | Home library | Current library | Date acquired | Total Checkouts | Date last seen | Price effective from | Koha item type |
|---|---|---|---|---|---|---|---|---|---|---|
| Kerala University of Digital Sciences, Innovation and Technology Knowledge Centre | Kerala University of Digital Sciences, Innovation and Technology Knowledge Centre | 20/06/2022 | 20/06/2022 | 20/06/2022 | E-Books |